| 000 -LEADER |
| fixed length control field |
01016nam a22002417a 4500 |
| 003 - CONTROL NUMBER IDENTIFIER |
| control field |
OSt |
| 005 - DATE AND TIME OF LATEST TRANSACTION |
| control field |
20251009133159.0 |
| 008 - FIXED-LENGTH DATA ELEMENTS--GENERAL INFORMATION |
| fixed length control field |
251009b ||||| |||| 00| 0 eng d |
| 020 ## - INTERNATIONAL STANDARD BOOK NUMBER |
| International Standard Book Number |
9781409591528 |
| Qualifying information |
book set |
| 040 ## - CATALOGING SOURCE |
| Transcribing agency |
KH8 |
| 082 ## - DEWEY DECIMAL CLASSIFICATION NUMBER |
| Classification number |
FIC MAC |
| 100 ## - MAIN ENTRY--PERSONAL NAME |
| Personal name |
Mackinnon, Mairi, |
| Relator term |
author. |
| 245 ## - TITLE STATEMENT |
| Title |
The Runaway Pancake / |
| Statement of responsibility, etc. |
retold by Mairi Mackinnon ; illustrated by Silvia Provantini. |
| 260 ## - PUBLICATION, DISTRIBUTION, ETC. |
| Place of publication, distribution, etc. |
England ; |
| Name of publisher, distributor, etc. |
Usborne Publishing Ltd , |
| Date of publication, distribution, etc. |
2006. |
| 300 ## - PHYSICAL DESCRIPTION |
| Extent |
48 pages : |
| Other physical details |
color illustrations ; |
| Dimensions |
20 cm. |
| 490 ## - SERIES STATEMENT |
| Series statement |
Usborne First Reading |
| Volume/sequential designation |
level four |
| 520 ## - SUMMARY, ETC. |
| Summary, etc. |
When seven hungry children have pancakes for breakfast, one pancake refuses to be eaten, jumps out of the pan and rolls right away. Can the runaway pancake escape from the whole family, the dog, the rabbit, the duck, the cat, the goat, the fox and a cunning old pig? |
| 650 ## - SUBJECT ADDED ENTRY--TOPICAL TERM |
| Topical term or geographic name entry element |
Easy reading |
| Form subdivision |
fiction |
| 650 ## - SUBJECT ADDED ENTRY--TOPICAL TERM |
| Topical term or geographic name entry element |
Story book |
| Form subdivision |
fiction |
| 700 ## - ADDED ENTRY--PERSONAL NAME |
| Personal name |
Provantini, Silvia, |
| Relator term |
illustrator. |
| 830 ## - SERIES ADDED ENTRY--UNIFORM TITLE |
| Uniform title |
Usborne First Reading |
| 942 ## - ADDED ENTRY ELEMENTS (KOHA) |
| Source of classification or shelving scheme |
|
| Koha item type |
Books - Fiction |